| 000 | 00660nam a22002057a 4500 | ||
|---|---|---|---|
| 999 |
_c6240 _d6240 |
||
| 003 | AR-CdUCM | ||
| 008 | 190314b ||||| |||| 00| 0 spa d | ||
| 040 |
_aMUNICIPALIDAD PROVINCIAL DEL CUSCO _cBIBLIOTECA MUNICIPAL DEL CUSCO |
||
| 082 |
_a985.061 / _bC74 |
||
| 100 |
_aCongrains Martín, Eduardo _9468 |
||
| 245 | _aDesmitificacion de Pierola / | ||
| 260 |
_aLima : _bEditorial ecoma, _c1972. |
||
| 300 |
_a101 paginas ; _c17 cm. |
||
| 505 | _aContenido :Desmitificacion de Pierola. | ||
| 650 |
_aBiografías históricas _96252 |
||
| 650 |
_aBiografías peruanas _917973 |
||
| 650 |
_aLiteratura contemporánea _9759 |
||
| 942 |
_2ddc _cLIBROS |
||
| 945 | _arum | ||